000 00669cam a2200217 i 4500
001 108535
005 20230410142342.0
008 130117b2007 ag a 000 0 spa
020 _a9789508619402
041 0 _aspa
049 _aGRAL
050 1 4 _aBX 1469
_bO77c 2007
100 1 _aOrtiz, Jorge Héctor
245 1 0 _a100 preguntas sobre política:
_bdinámicas de oración-formación-acción basadas en el compendio de la doctrina social de la iglesia /
_cJorge Héctor Ortiz
260 _aBuenos Aires:
_bSan Pablo,
_c2007
300 _a105 p.
650 0 _aSocial Doctrine
_xChurch
650 4 _aDoctrina Social
_xIglesia
942 _2lcc
_cbk
946 _aYSL
999 _c94105
_d94105